[Event "Challenge"]
[Site "http://www.queenalice.com/game.php?id=678537"]
[Date "2009.11.6"]
[Round "-"]
[White "Barbirotto"]
[Black "rc_sevage_pawn"]
[Result "1-0"]
[WhiteElo "1635"]
[BlackElo "1536"]

1. e4 e5 2. Nf3 Nc6 3. Bb5 a6 4. Bc4 d6 5. O-O Nf6 6. d3 b5 7. Bb3 Nd4 8. c3
Nxb3 9. Qxb3 Be6 10. Qc2 Be7 11. Be3 O-O 12. d4 exd4 13. Nxd4 c5 14. Nf3 Re8 15.
e5 dxe5 16. Nxe5 Bd6 17. Bf4 Bxe5 18. Bxe5 Bc4 19. Re1 Nd7 20. Na3 Nxe5 21. Nxc4
Nxc4 22. Red1 Qf6 23. a3 Rad8 24. Rxd8 Rxd8 25. h3 Qe5 26. b3 Nd2 27. b4 cxb4
28. axb4 Rd6 29. Qb2 Qg5 30. g3 Nf3+ 31. Kh1 1-0

[Event "IOWA IV"]
[Site "http://www.queenalice.com/game.php?id=691274"]
[Date "2009.12.1"]
[Round "-"]
[White "perucona"]
[Black "Barbirotto"]
[Result "0-1"]
[WhiteElo "1553"]
[BlackElo "1462"]

1. e4 e5 2. d4 Nc6 3. d5 Nb4 4. c3 Na6 5. Bxa6 bxa6 6. Nf3 d6 7. O-O a5 8. Bg5
Ne7 9. Bxe7 Bxe7 10. Na3 O-O 11. Nc4 Ba6 12. b3 a4 13. bxa4 Bxc4 14. Re1 a5 15.
Nd2 Bd3 16. Re3 Ba6 17. Nb3 Qd7 18. Nxa5 Rab8 19. Rh3 Bg5 20. Rg3 f6 21. Rf3 Qf7
22. g3 Bc8 23. h4 Bh6 24. Nc6 Rb7 25. g4 Bxg4 26. Rb1 Rxb1 27. Qxb1 Bxf3 28. Nb4
Qg6+ 29. Kf1 Qg2+ 30. Ke1 Qg1# 0-1

[Event "Freak on the Leash"]
[Site "http://www.queenalice.com/game.php?id=762680"]
[Date "2010.4.17"]
[Round "-"]
[White "Barbirotto"]
[Black "fortuna"]
[Result "1-0"]
[WhiteElo "1537"]
[BlackElo "1247"]

1. e4 g6 2. d4 e6 3. Nf3 a5 4. Bb5 c6 5. Bd3 d5 6. e5 Nd7 7. O-O a4 8. Ng5 Bh6
9. Qg4 Nb6 10. Nc3 Bf8 11. Qf3 Nh6 12. a3 Bg7 13. Ne2 f6 14. exf6 Bxf6 15. Qg3
Nf7 16. Nxf7 Kxf7 17. Nf4 Rg8 18. Be3 e5 19. Ne2 Bh4 20. Qxe5 Re8 21. Qf4+ Bf6
22. b3 g5 23. Qg3 Be6 24. b4 Rg8 25. Bxh7 Rg7 26. Bd3 Qh8 27. Qc7+ Nd7 28. Qxb7
Rc8 29. b5 Rb8 30. Qxc6 Rc8 31. Qd6 Rb8 32. c3 g4 33. Qg3 Bh4 34. Qf4+ Nf6 35.
Ng3 Ke7 36. Nf5+ Kf7 37. Nxg7 Kxg7 38. g3 Rf8 39. c4 Nh5 40. Qh6+ Qxh6 41. Bxh6+
Kxh6 42. gxh4 dxc4 43. Be4 Rc8 44. Rfc1 1-0

[Event "Latin"]
[Site "http://www.queenalice.com/game.php?id=780759"]
[Date "2010.5.25"]
[Round "-"]
[White "cuatroceros"]
[Black "Barbirotto"]
[Result "1-0"]
[WhiteElo "1822"]
[BlackElo "1663"]

1. e4 e5 2. Nf3 d6 3. Bc4 Nf6 4. Ng5 d5 5. exd5 Nxd5 6. d4 Bb4+ 7. c3 Be7 8.
dxe5 c6 9. Qh5 g6 10. Qh6 Bf8 11. Qh4 Be7 12. Qg3 b5 13. Bb3 Na6 14. O-O Bxg5
15. Bxg5 Ne7 16. Re1 Nc5 17. c4 b4 18. Nd2 a5 19. Bc2 a4 20. Ne4 Ne6 21. Bh6 Nd4
22. Nf6# 1-0

[Event "AUTO-OPEN-1989"]
[Site "http://www.queenalice.com/game.php?id=780958"]
[Date "2010.5.26"]
[Round "1"]
[White "Barbirotto"]
[Black "FreitasPC"]
[Result "1-0"]
[WhiteElo "1517"]
[BlackElo "1296"]

1. e4 c5 2. Nf3 Nc6 3. Bb5 a6 4. Bc4 e6 5. O-O b5 6. Bd3 e5 7. Nc3 Nf6 8. Nd5 d6
9. c3 Be6 10. Ne3 Be7 11. Ng5 c4 12. Be2 h6 13. Nxe6 fxe6 14. d3 d5 15. d4 Nxe4
16. Bh5+ g6 17. Bxg6+ Kd7 18. Bxe4 dxe4 19. dxe5+ Kc7 20. Qg4 Qg8 21. Qxg8 Raxg8
22. g3 Nxe5 23. b3 h5 24. h4 Bxh4 25. Kh2 Nf3+ 26. Kh3 Bf6 27. bxc4 Bxc3 28. Rb1
b4 29. a3 1-0

[Event "AUTO-OPEN-1989"]
[Site "http://www.queenalice.com/game.php?id=780959"]
[Date "2010.5.26"]
[Round "1"]
[White "FreitasPC"]
[Black "Barbirotto"]
[Result "0-1"]
[WhiteElo "1296"]
[BlackElo "1528"]

1. d4 d5 2. c4 e6 3. Nc3 Nf6 4. e3 Bb4 5. Nf3 O-O 6. Bd3 Nbd7 7. O-O Bxc3 8.
bxc3 dxc4 9. Bxc4 Nb6 10. Be2 Ne4 11. Bb2 a5 12. Rc1 Nd5 13. c4 Nb4 14. a3 Nc6
15. d5 Ne7 16. Qd4 Nf6 17. dxe6 Bxe6 18. Qxd8 Raxd8 19. Bxf6 Rde8 20. Bxe7 Rxe7
21. Rfd1 c6 22. Rd6 c5 23. Rcd1 a4 24. Ng5 h6 25. Nxe6 fxe6 26. g3 Kh7 27. Rd7
Rxd7 0-1

[Event "AUTO-OPEN-1989"]
[Site "http://www.queenalice.com/game.php?id=780960"]
[Date "2010.5.26"]
[Round "1"]
[White "Barbirotto"]
[Black "ROSCHMAN"]
[Result "0-1"]
[WhiteElo "1558"]
[BlackElo "1315"]

1. e4 e5 2. Nf3 d6 3. Bb5+ c6 4. Bc4 b5 5. Bb3 Na6 6. d3 Nf6 7. O-O h5 8. Bg5
Qb6 9. d4 exd4 10. Bxf6 gxf6 11. Nxd4 Bg4 12. Qd3 Nc5 13. Qe3 Bh6 14. Qg3 Nxb3
15. axb3 Qxd4 16. c3 Qxe4 17. Nd2 Qc2 18. Qxd6 Bd7 19. Rfe1+ Kd8 20. Qxf6+ Kc7
0-1

[Event "AUTO-OPEN-1989"]
[Site "http://www.queenalice.com/game.php?id=780961"]
[Date "2010.5.26"]
[Round "1"]
[White "ROSCHMAN"]
[Black "Barbirotto"]
[Result "1-0"]
[WhiteElo "1286"]
[BlackElo "1606"]

1. e4 e5 2. Nf3 d6 3. c3 Nf6 4. d3 g6 5. Bg5 Bg7 6. Qb3 O-O 7. h4 Nbd7 8. d4 a5
9. Bc4 a4 10. Qd1 a3 11. bxa3 c6 12. a4 c5 13. g4 b6 14. h5 exd4 15. cxd4 Bb7
16. h6 Bh8 17. e5 dxe5 18. dxe5 Bxf3 19. Qxf3 Nxe5 20. Qf4 1-0

[Event "AUTO-OPEN-1989"]
[Site "http://www.queenalice.com/game.php?id=780962"]
[Date "2010.5.26"]
[Round "1"]
[White "Barbirotto"]
[Black "leandroxavier"]
[Result "0-1"]
[WhiteElo "1621"]
[BlackElo "1803"]

1. e4 c5 2. Bc4 e6 3. Nf3 Nc6 4. d3 Nf6 5. O-O d6 6. a3 Be7 7. Nc3 a6 8. Bf4 b5
9. Ba2 e5 10. Bg3 Bg4 11. a4 b4 12. Nd5 Nd4 13. a5 h5 14. h3 Nxf3+ 15. gxf3 Bxh3
16. f4 Bxf1 17. Qxf1 h4 18. Bh2 Ng4 19. f5 Nxh2 20. Kxh2 Bg5 21. c3 bxc3 22.
bxc3 Rb8 23. c4 Qxa5 24. Bb3 Qd2 25. f6 gxf6 26. Rxa6 O-O 27. Ne7+ Kh7 28. Rxd6
Rxb3 29. Nd5 Bf4+ 30. Kh3 Rxd3+ 31. f3 Qh2+ 32. Kg4 Qg3+ 0-1

[Event "AUTO-OPEN-1989"]
[Site "http://www.queenalice.com/game.php?id=780963"]
[Date "2010.5.26"]
[Round "1"]
[White "leandroxavier"]
[Black "Barbirotto"]
[Result "1-0"]
[WhiteElo "1763"]
[BlackElo "1643"]

1. d4 d5 2. c4 Nf6 3. cxd5 Nxd5 4. e4 Nf6 5. Nc3 e6 6. a3 Nc6 7. Nf3 g6 8. Bg5
Bg7 9. e5 O-O 10. exf6 Bxf6 11. Bxf6 Qxf6 12. Bb5 Ne7 13. Qd2 c6 14. Ne4 Qg7 15.
Bd3 Nd5 16. h4 h5 17. O-O-O b5 18. Rdg1 Ne7 19. g4 Kh7 20. gxh5 f5 21. hxg6+
Nxg6 22. h5 Ne7 23. Rxg7+ Kxg7 24. Nd6 Ba6 25. Qg5+ Kh7 26. Qxe7+ Kh6 27. Nf7+
Rxf7 28. Qxf7 b4 29. Qg6# 1-0

[Event "Let's Play Chess!"]
[Site "http://www.queenalice.com/game.php?id=1179933"]
[Date "2013.5.9"]
[Round "-"]
[White "Barbirotto"]
[Black "Adrianovlg"]
[Result "0-1"]
[WhiteElo "1543"]
[BlackElo "2141"]

1. e4 c5 2. Nf3 d6 3. a3 Nf6 4. Nc3 g6 5. Bb5+ Bd7 6. d3 Bg7 7. O-O O-O 8. Bc4
Nc6 9. Ba2 Rb8 10. Bf4 Nh5 11. Qd2 Nxf4 12. Qxf4 b5 13. Nd5 Bxb2 14. Rab1 Bxa3
15. Qg3 Be6 16. Ng5 Bxd5 17. Bxd5 Nd4 18. Qh3 h5 19. c3 Ne2+ 20. Kh1 Nxc3 21.
Ra1 Nxd5 22. Rxa3 Nf6 23. Rxa7 Ra8 24. Rb7 b4 25. f4 Ng4 26. Qf3 e6 27. h3 Nh6
28. d4 Qc8 29. e5 Ra3 30. Qe4 d5 31. Qe2 Qxb7 32. Nf3 Nf5 33. Qd2 Ng3+ 0-1

[Event "AUTO-INT-2658"]
[Site "http://www.queenalice.com/game.php?id=1190756"]
[Date "2013.6.14"]
[Round "1"]
[White "Antoniel_Barbosa"]
[Black "Barbirotto"]
[Result "1-0"]
[WhiteElo "1801"]
[BlackElo "1571"]

1. e4 e5 2. Nf3 Nc6 3. d4 Bd6 4. Be3 Nf6 5. d5 Ne7 6. Nfd2 O-O 7. Bd3 c6 8. dxc6
Nxc6 9. Nc4 a6 10. Nxd6 Qe7 11. Bc5 b5 12. Nc3 b4 13. Na4 a5 14. Nxc8 d6 15.
Nxe7+ Nxe7 16. Bxd6 Rfe8 17. Nb6 Ra7 18. Bb5 Rd8 19. f3 Ng6 20. Nd5 Nh5 21. f4
Nhxf4 22. Rg1 Nxd5 23. Qxd5 Nf4 24. Qxe5 Ng6 25. Qd4 Raa8 26. O-O-O h6 27. g3
Kh7 28. h4 f6 29. Qb6 h5 30. g4 Nxh4 31. Qc5 Nf3 32. Qxh5+ Kg8 33. Bc4# 1-0

[Event "AUTO-INT-2658"]
[Site "http://www.queenalice.com/game.php?id=1190757"]
[Date "2013.6.14"]
[Round "1"]
[White "Barbirotto"]
[Black "Antoniel_Barbosa"]
[Result "1-0"]
[WhiteElo "1543"]
[BlackElo "1728"]

1. e4 e5 2. Nf3 d5 3. Bd3 Bc5 4. O-O d4 5. Nxe5 Nf6 6. Qf3 Qe7 7. Nc4 Bg4 8. Qg3
O-O 9. e5 Qd6 10. Nxd6 cxd6 11. exf6 gxf6 12. Qxg4+ Kh8 13. Qh4 f5 14. Qf6+ Kg8
15. Qxf5 1-0

[Event "AUTO-INT-2658"]
[Site "http://www.queenalice.com/game.php?id=1190774"]
[Date "2013.6.14"]
[Round "1"]
[White "Barbirotto"]
[Black "Philchess"]
[Result "1-0"]
[WhiteElo "1549"]
[BlackElo "1500"]

1. e4 c5 2. a3 e6 3. Bb5 a6 4. Ba4 Nf6 5. d3 b5 6. Bb3 Nc6 7. Nf3 Be7 8. O-O O-O
9. e5 Nd5 10. c3 d6 11. d4 c4 12. Bc2 dxe5 13. dxe5 Bb7 14. Nbd2 f6 15. Qe2 fxe5
16. Nxe5 Nxe5 17. Qxe5 Nc7 18. Qh5 g6 19. Qh3 Kg7 20. b3 cxb3 21. Nxb3 Bg5 22.
Bb2 Bf6 23. Nc5 Bc6 24. c4 bxc4 25. Bxf6+ Qxf6 26. a4 Bd5 27. Nd7 Bxg2 28. Qxg2
Qf7 29. Nxf8 Rxf8 30. Rab1 Rc8 31. Rb7 e5 32. h4 c3 33. h5 Qf6 34. hxg6 hxg6 35.
Rb3 Ne6 36. a5 Rc7 37. Rb6 Nf4 38. Rxf6 Nxg2 39. Rxg6+ Kf8 40. Rxg2 Rc5 41. f4
exf4 42. Rxf4+ Ke7 43. Rg7+ Kd6 44. Rf6+ Kd5 45. Rg5+ Kc4 46. Rxc5+ Kxc5 47. Kf2
Kb4 48. Rf5 Ka3 49. Ke3 Kb2 50. Kd3 1-0

[Event "AUTO-INT-2658"]
[Site "http://www.queenalice.com/game.php?id=1190775"]
[Date "2013.6.14"]
[Round "1"]
[White "Philchess"]
[Black "Barbirotto"]
[Result "0-1"]
[WhiteElo "1484"]
[BlackElo "1548"]

1. d4 d5 2. e3 Nf6 3. Nf3 e6 4. Bb5+ Nbd7 5. O-O c6 6. Be2 Bd6 7. c4 O-O 8. Nc3
b6 9. b3 Bb4 10. Bd2 Bxc3 11. Bxc3 Ne4 12. Qc2 Ba6 13. Rfe1 Ndf6 14. cxd5 Bxe2
15. Rxe2 cxd5 16. Qd3 a6 17. Bb4 Re8 18. Ne5 a5 19. Bd2 a4 20. bxa4 Nd7 21. f3
Ng5 22. Nxd7 Qxd7 23. Qb5 Qd6 24. f4 Ne4 25. Bb4 Qd8 26. g3 Nf6 27. Kg2 h6 28.
h3 Ne4 29. g4 Qh4 30. Be1 Qf6 31. a5 bxa5 32. Bxa5 Nd6 33. Bc7 Nxb5 34. Be5 Qg6
35. f5 exf5 36. a4 fxg4 37. hxg4 Qxg4+ 38. Kf2 Nc3 39. Rae1 Nxe2 40. Rxe2 Rxa4
41. Bg3 f5 42. Rc2 Qe4 43. Rd2 Qxe3+ 44. Kg2 Qxd2+ 45. Bf2 Re2 0-1

[Event "AUTO-INT-2658"]
[Site "http://www.queenalice.com/game.php?id=1190776"]
[Date "2013.6.14"]
[Round "1"]
[White "Barbirotto"]
[Black "Admilton"]
[Result "0-1"]
[WhiteElo "1563"]
[BlackElo "1617"]

1. e4 e5 2. d3 h6 3. Nf3 d6 4. g3 Qf6 5. Bg2 Nc6 6. O-O Bg4 7. Nbd2 Qe6 8. c3
Be7 9. c4 Nd4 10. Qa4+ c6 11. Nxd4 exd4 12. b4 Nf6 13. b5 c5 14. b6+ Qd7 15. Qa3
a6 16. e5 dxe5 17. Ne4 Bf5 18. Nxc5 Qc8 19. Bxb7 Bxc5 20. Bxc8 Bxa3 21. Bxf5 Bc5
22. b7 Rb8 23. a4 Rxb7 24. Bd2 g6 25. Bh3 Rb3 26. Bg2 O-O 27. Bxh6 Rfb8 28. Bg5
Nh7 29. Bh6 Rxd3 30. Bd5 Bf8 31. Bxf8 Nxf8 32. Kg2 Nd7 33. h4 Rc3 34. f3 Nb6 35.
a5 Nxc4 36. f4 Ne3+ 37. Kh3 Nxf1 38. Rxf1 Rb5 39. Be4 Rxa5 40. fxe5 Rxe5 41. Bb7
a5 42. Kg4 a4 43. Kf4 Rf5+ 44. Ke4 Rxf1 45. Kxd4 Rxg3 46. h5 Rg4+ 47. Kc5 Rd1
48. hxg6 Rg5+ 49. Kb6 fxg6 50. Bf3 Rd6+ 51. Bc6 Rxc6+ 52. Kxc6 a3 0-1

[Event "AUTO-INT-2658"]
[Site "http://www.queenalice.com/game.php?id=1190777"]
[Date "2013.6.14"]
[Round "1"]
[White "Admilton"]
[Black "Barbirotto"]
[Result "1-0"]
[WhiteElo "1642"]
[BlackElo "1562"]

1. d4 Nf6 2. Nf3 d5 3. h3 e6 4. e3 Bb4+ 5. c3 Ba5 6. Qa4+ Nc6 7. Bd2 Ne4 8. Bb5
Bb6 9. Bxc6+ bxc6 10. O-O O-O 11. c4 dxc4 12. Qxc6 Qd5 13. Qxd5 exd5 14. Bb4 Re8
15. Nbd2 Nf6 16. Rac1 a5 17. Bc3 Bf5 18. g4 Bd3 19. Rfe1 a4 20. Ne5 Be4 21. f3
Bd3 22. Nxd3 cxd3 23. Red1 Rxe3 24. Kg2 c5 25. Nf1 c4 26. Nxe3 h6 27. Nf5 g6 28.
Ne7+ Kg7 29. Re1 a3 30. b4 cxb3 31. axb3 a2 32. Ra1 h5 33. g5 Nh7 34. Nxd5 Bd8
35. Nf6 Nxg5 36. Nd7 Ne6 37. d5+ Bf6 38. Bxf6+ Kh6 39. dxe6 fxe6 40. Red1 Ra3
41. Nc5 h4 42. Rxd3 g5 43. Ne4 Ra5 44. Bxg5+ Kh5 45. Bd8 Rb5 46. Rxa2 e5 47.
Nf6+ Kg6 48. Re2 e4 49. Nxe4 Rb8 50. Bxh4 Re8 51. Ng3 Rh8 52. Rd7 Rxh4 53. Re6+
Kg5 54. Rd5+ Kf4 55. Rf5# 1-0

[Event "AUTO-OPEN-3270"]
[Site "http://www.queenalice.com/game.php?id=1287872"]
[Date "2014.6.12"]
[Round "1"]
[White "Barbirotto"]
[Black "rich"]
[Result "0-1"]
[WhiteElo "1561"]
[BlackElo "2176"]

1. e4 Nf6 2. e5 Nd5 3. d4 d6 4. Nf3 g6 5. Bb5+ c6 6. Bc4 Bg7 7. O-O O-O 8. Nbd2
Bg4 9. Qe1 Nb6 10. Bb3 d5 11. c4 Bxf3 12. Nxf3 dxc4 13. Bc2 N8d7 14. Bg5 Nd5 15.
b3 cxb3 16. axb3 N7b6 17. b4 Nxb4 18. Bb3 N4d5 19. Qd1 h6 20. Bh4 Qd7 0-1

[Event "AUTO-OPEN-3270"]
[Site "http://www.queenalice.com/game.php?id=1287873"]
[Date "2014.6.12"]
[Round "1"]
[White "rich"]
[Black "Barbirotto"]
[Result "1-0"]
[WhiteElo "2177"]
[BlackElo "1559"]

1. e4 e5 2. Nf3 d6 3. Bc4 Be7 4. h3 Nf6 5. Nc3 O-O 6. d4 Nbd7 7. Be3 b6 8. O-O
a5 9. Qe2 c6 10. a4 b5 11. axb5 cxb5 12. Bxb5 Nb6 13. dxe5 dxe5 14. Nxe5 Be6 15.
Rfd1 Qb8 16. Nc6 Qb7 17. Nd4 Nc4 18. Bxc4 Bd7 19. Qd3 a4 20. Nf5 Bb4 21. Nd5
Bxf5 22. Nxf6+ gxf6 23. exf5 Be7 24. Bh6 1-0

[Event "AUTO-OPEN-3270"]
[Site "http://www.queenalice.com/game.php?id=1287874"]
[Date "2014.6.12"]
[Round "1"]
[White "Barbirotto"]
[Black "powerrangel"]
[Result "0-1"]
[WhiteElo "1563"]
[BlackElo "1796"]

1. e4 c5 2. Nf3 d6 3. a3 g6 4. Bc4 Bg7 5. O-O Nc6 6. d3 Nf6 7. Nbd2 O-O 8. c3 a6
9. Ba2 b5 10. c4 Rb8 11. cxb5 axb5 12. b4 Nxe4 13. Rb1 Nc3 14. Qc2 Nxb1 15. Bxb1
Nd4 16. Nxd4 cxd4 17. Ne4 Bb7 18. Ng5 e5 19. a4 Rc8 20. Qe2 Rxc1 21. Rxc1 Qxg5
22. Re1 Qxg2# 0-1

[Event "AUTO-OPEN-3270"]
[Site "http://www.queenalice.com/game.php?id=1287875"]
[Date "2014.6.12"]
[Round "1"]
[White "powerrangel"]
[Black "Barbirotto"]
[Result "1-0"]
[WhiteElo "2085"]
[BlackElo "1563"]

1. e4 e5 2. Nf3 d6 3. d4 Nd7 4. Nc3 g6 5. Bc4 Bg7 6. O-O Ngf6 7. dxe5 dxe5 8.
Bg5 O-O 9. h3 Qe8 10. Qe2 Nc5 11. Rad1 a6 12. Qe3 b6 13. Bxf6 Bxf6 14. Nd5 Qe6
15. Nxc7 Qxc4 16. Nxa8 Nxe4 17. Nxb6 Qc7 18. Nd5 Qd8 19. Qxe4 Bg7 20. Qb4 e4 21.
Ne7+ Kh8 22. Rxd8 Rxd8 23. Ng5 Bf5 24. Nxf7# 1-0

[Event "AUTO-OPEN-3270"]
[Site "http://www.queenalice.com/game.php?id=1287876"]
[Date "2014.6.12"]
[Round "1"]
[White "Barbirotto"]
[Black "ACamargo"]
[Result "0-1"]
[WhiteElo "1557"]
[BlackElo "1467"]

1. e4 e5 2. Nf3 d6 3. Bb5+ Bd7 4. Bc4 h6 5. O-O Nf6 6. a3 Be7 7. d3 O-O 8. c3 a6
9. Nbd2 Nc6 10. Ba2 b5 11. c4 bxc4 12. Nxc4 Bg4 13. Bd2 Nd4 14. Na5 Nxf3+ 15.
gxf3 Bh3 16. f4 Bxf1 17. Qxf1 c5 18. Nc6 Qc7 0-1

[Event "AUTO-OPEN-3270"]
[Site "http://www.queenalice.com/game.php?id=1287877"]
[Date "2014.6.12"]
[Round "1"]
[White "ACamargo"]
[Black "Barbirotto"]
[Result "1-0"]
[WhiteElo "1487"]
[BlackElo "1537"]

1. d4 d5 2. c4 e6 3. e3 Bb4+ 4. Bd2 Ne7 5. Bxb4 O-O 6. Nf3 a5 7. Bxe7 Qxe7 8.
Qc2 Nd7 9. Nc3 c6 10. Bd3 Nf6 11. c5 Qd8 12. O-O b6 13. cxb6 Bb7 14. Na4 Qd6 15.
Ne5 Rab8 16. Rac1 h6 17. a3 Nh7 18. Nc5 1-0